Логистика (СО): электронный курс

Bibliografiske detaljer
Hovedforfatter: Вершкова Е. М. Елена Михайловна
Institution som forfatter: Национальный исследовательский Томский политехнический университет (ТПУ) Институт природных ресурсов (ИПР) Кафедра экономики природных ресурсов (ЭПР)
Summary:Заглавие с экрана
В результате освоения дисциплины «Логистика» студентом должны быть достигнуты следующие результаты: Р1 - Применять гуманитарные и естественнонаучные знания в профессиональной деятельности. Проводить теоретические и прикладные исследования в области современных достижений менеджмента в России и за рубежом в условиях неопределенности с использованием современных научных методов Р3 - Применять профессиональные знания в области информационно-аналитической деятельности Р9 - Самостоятельно учиться и непрерывно повышать квалификацию в течение всего периода профессиональной деятельности
Доступ по логину и паролю
Sprog:russisk
Udgivet: Томск, TPU Moodle, 2017
Fag:
Online adgang:https://design.lms.tpu.ru/course/view.php?id=1358
Format: Electronisk Bog
KOHA link:https://koha.lib.tpu.ru/cgi-bin/koha/opac-detail.pl?biblionumber=666034

MARC

LEADER 00000nlm0a2200000 4500
001 666034
005 20231226142018.0
035 |a (RuTPU)RU\TPU\network\37238 
035 |a RU\TPU\network\17192 
090 |a 666034 
100 |a 20211130d2017 m y0rusy50 ca 
101 0 |a rus 
102 |a RU 
105 |a a j 000zy 
135 |a jrcn ---uucaa 
181 0 |a i  
182 0 |a b 
200 1 |a Логистика (СО)  |e электронный курс  |f Е. М. Вершкова  |g Национальный исследовательский Томский политехнический университет (ТПУ), Институт природных ресурсов (ИПР), Кафедра экономики природных ресурсов (ЭПР) 
203 |a Текст  |c электронный 
210 |a Томск  |c TPU Moodle  |d 2017 
300 |a Заглавие с экрана 
330 |a В результате освоения дисциплины «Логистика» студентом должны быть достигнуты следующие результаты: Р1 - Применять гуманитарные и естественнонаучные знания в профессиональной деятельности. Проводить теоретические и прикладные исследования в области современных достижений менеджмента в России и за рубежом в условиях неопределенности с использованием современных научных методов Р3 - Применять профессиональные знания в области информационно-аналитической деятельности Р9 - Самостоятельно учиться и непрерывно повышать квалификацию в течение всего периода профессиональной деятельности 
333 |a Доступ по логину и паролю 
606 1 |a Логистика  |x Логистические стратегии  |2 stltpush  |3 (RuTPU)RU\TPU\subj\36364  |9 57772 
610 1 |a электронный ресурс 
610 1 |a труды учёных ТПУ 
610 1 |a электронное обучение 
610 1 |a электронные курсы ТПУ 
610 1 |a логистика 
610 1 |a транспорт 
610 1 |a склады 
610 1 |a запасы 
610 1 |a управление 
610 1 |a учебные пособия 
610 1 |a электронные учебные пособия 
686 |a У9(2)40я73  |2 rubbk 
700 1 |a Вершкова  |b Е. М.  |c специалист в области нефтегазового дела  |c старший преподаватель Томского политехнического университета  |f 1981-  |g Елена Михайловна  |3 (RuTPU)RU\TPU\pers\27710  |9 12784 
712 0 2 |a Национальный исследовательский Томский политехнический университет (ТПУ)  |b Институт природных ресурсов (ИПР)  |b Кафедра экономики природных ресурсов (ЭПР)  |3 (RuTPU)RU\TPU\col\18668 
801 2 |a RU  |b 63413507  |c 20211130  |g RCR 
856 4 |u https://design.lms.tpu.ru/course/view.php?id=1358 
942 |c CF